KOHA-Header-6

Concise Oxford Dictionary of Qoutations (Record no. 1721)

000 -LEADER
fixed length control field 00339nam a2200133Ia 4500
008 - FIXED-LENGTH DATA ELEMENTS--GENERAL INFORMATION
fixed length control field 190723s9999 xx 000 0 und d
020 ## - INTERNATIONAL STANDARD BOOK NUMBER
International Standard Book Number 978-0-19-956707-2
100 ## - MAIN ENTRY--PERSONAL NAME
Personal name Susan Ratcliffe
245 #0 - TITLE STATEMENT
Title Concise Oxford Dictionary of Qoutations
250 ## - EDITION STATEMENT
Edition statement 6th
260 ## - PUBLICATION, DISTRIBUTION, ETC. (IMPRINT)
Place of publication, distribution, etc New York
Name of publisher, distributor, etc Oxford Uni Press
Date of publication, distribution, etc 2011
300 ## - PHYSICAL DESCRIPTION
Extent 584.:p
942 ## - ADDED ENTRY ELEMENTS (KOHA)
Koha item type Books
Holdings
Withdrawn status Lost status Damaged status Not for loan Permanent Location Current Location Date acquired Total Checkouts Full call number Barcode Checked out Date last seen Date checked out Price effective from Koha item type
        MAJU MAJU 2019-07-23 1 82 8344 2021-02-27 2020-08-31 2020-08-31 2019-07-23 Books

Powered by Koha